000 00371cam a2200169 4500
001 D12281
008 090401t1946 xxu||||| |||| 00| 0 eng d
035 _a(Sirsi) u2463
041 _aeng
100 _aBrownlow, G.S.
245 _aSite value of shops
260 _bEstates Gazette
_c1946
350 _a0
520 _aShelf 114
942 _n0
948 _c04/03/1997
999 _c85773
_d85773